UBT Library

Saved! : (Record no. 39943)

000 -LEADER
fixed length control field 00587pam a2200217 i 4500
001 - CONTROL NUMBER
control field 391861
005 - DATE AND TIME OF LATEST TRANSACTION
control field 20180109080549.0
008 - FIXED-LENGTH DATA ELEMENTS--GENERAL INFORMATION
fixed length control field 790312s1979 nyuaf 001 0 eng
010 ## - LIBRARY OF CONGRESS CONTROL NUMBER
LC control number 79014708
020 ## - INTERNATIONAL STANDARD BOOK NUMBER
International Standard Book Number 0671400401
040 ## - CATALOGING SOURCE
Original cataloging agency DLC
Transcribing agency DLC
Modifying agency DLC
041 ## - LANGUAGE CODE
Language code of text/sound track or separate title eng
043 ## - GEOGRAPHIC AREA CODE
Geographic area code ln-----
080 ## - UNIVERSAL DECIMAL CLASSIFICATION NUMBER
Universal Decimal Classification number 363.1230916346 HOF
082 00 - DEWEY DECIMAL CLASSIFICATION NUMBER
Classification number 363.1230916346 HOF
100 1# - Rafti
Rafti 16
101 ## - Shkurtesa
Shkurtesa HIS
245 10 - TITLE STATEMENT
Title Saved! :
Statement of responsibility, etc William Hoffer.
906 ## - LOCAL DATA ELEMENT F, LDF (RLIN)
a 7
b cbc
c orignew
d 1
e ocip
f 19
g y-gencatlg
942 ## - ADDED ENTRY ELEMENTS (KOHA)
Source of classification or shelving scheme
Item type Books
Holdings
Withdrawn status Lost status Source of classification or shelving scheme Damaged status Not for loan Collection code Permanent location Current location Shelving location Date acquired Total Checkouts Full call number Barcode Date last seen Price effective from Koha item type
          Koleksioni i përgjithshem UBT - Lipjan UBT - Lipjan Koleksioni i përgjithshem 01/09/2018   363.1230916346 HOF 002-2995171 01/09/2018 01/09/2018 Books
UBT Library © 2015-2024. All rights reserved University Education for Business and Technology